<?xml version="1.0" encoding="UTF-8"?>
<record
    xmlns:xsi="http://www.w3.org/2001/XMLSchema-instance"
    xsi:schemaLocation="http://www.loc.gov/MARC21/slim http://www.loc.gov/standards/marcxml/schema/MARC21slim.xsd"
    xmlns="http://www.loc.gov/MARC21/slim">

  <leader>01226naa a2200193 i 4500</leader>
  <controlfield tag="001">9409</controlfield>
  <controlfield tag="003">KOSZ 005</controlfield>
  <controlfield tag="005">20180328102505.0</controlfield>
  <controlfield tag="008">140512s1994    pl     f     |100 0 pol</controlfield>
  <datafield tag="040" ind1=" " ind2=" ">
    <subfield code="c">BPK</subfield>
    <subfield code="d">KOSZ 005/EG</subfield>
  </datafield>
  <datafield tag="100" ind1="1" ind2=" ">
    <subfield code="a">PRECHT, Witold.</subfield>
    <subfield code="d">1973 - 1996.</subfield>
    <subfield code="b">Wy&#x17C;sza Szko&#x142;a In&#x17C;ynierska w Koszalinie - Instytut In&#x17C;ynierii Materia&#x142;owej,</subfield>
    <subfield code="c">Zak&#x142;ad Fizyki Cia&#x142;a Sta&#x142;ego</subfield>
  </datafield>
  <datafield tag="245" ind1="1" ind2="0">
    <subfield code="a">W&#x142;asno&#x15B;ci warstw TiCxN1-x nanoszonych na pod&#x142;o&#x17C;a stalowe trzema metodami PVD /</subfield>
    <subfield code="c">W. Precht, A. Czy&#x17C;niewski, A. Rylski, M. Pancielejko, W. Walkowiak.</subfield>
  </datafield>
  <datafield tag="655" ind1=" " ind2="0">
    <subfield code="a">Materia&#x142;y konferencyjne.</subfield>
  </datafield>
  <datafield tag="700" ind1="1" ind2=" ">
    <subfield code="a">CZY&#x17B;NIEWSKI, Andrzej.</subfield>
    <subfield code="b">Wy&#x17C;sza Szko&#x142;a In&#x17C;ynierska w Koszalinie - Wydzia&#x142; Mechaniczny,</subfield>
    <subfield code="c">Zak&#x142;ad Fizyki </subfield>
    <subfield code="d">1975 - 1996.</subfield>
  </datafield>
  <datafield tag="700" ind1="1" ind2=" ">
    <subfield code="a">PANCIELEJKO, Mieczys&#x142;aw.</subfield>
    <subfield code="b">Wy&#x17C;sza Szko&#x142;a In&#x17C;ynierska w Koszalinie - Wydzia&#x142; Mechaniczny,</subfield>
    <subfield code="c">Katedra In&#x17C;ynierii Materia&#x142;owej</subfield>
    <subfield code="d">1988 - 1996.</subfield>
  </datafield>
  <datafield tag="700" ind1="1" ind2=" ">
    <subfield code="a">WALKOWIAK, Wies&#x142;aw.</subfield>
    <subfield code="b">Wy&#x17C;sza Szko&#x142;a In&#x17C;ynierska - Wydzia&#x142; Mechaniczny,</subfield>
    <subfield code="c">Katedra In&#x17C;ynierii Materia&#x142;owej</subfield>
    <subfield code="d">1988 - 1996.</subfield>
  </datafield>
  <datafield tag="773" ind1="0" ind2=" ">
    <subfield code="i">W :</subfield>
    <subfield code="t">Materia&#x142;y I Og&#xF3;lnopolskiej Konferencji Naukowej &#x141;&#xF3;d&#x17A; `94 "Nowoczesne Technologie w In&#x17C;ynierii Powierzchni". -</subfield>
    <subfield code="d">&#x141;&#xF3;d&#x17A;, 1994. -</subfield>
    <subfield code="g">s. 191-194</subfield>
  </datafield>
  <datafield tag="942" ind1=" " ind2=" ">
    <subfield code="c">ROZ</subfield>
    <subfield code="2">UKD</subfield>
  </datafield>
  <datafield tag="999" ind1=" " ind2=" ">
    <subfield code="c">9409</subfield>
    <subfield code="d">9409</subfield>
  </datafield>
</record>
